[Event "33. Seebach-Open"]
[Site "Grossenseebach"]
[Date "2024.06.01"]
[Round "6.38"]
[White "Kuhmann, Silas"]
[Black "Utz, Helmut"]
[Result "0-1"]
[WhiteElo "1498"]
[BlackElo "1788"]
[PlyCount "116"]
[EventDate "2024.??.??"]
[WhiteTeam "TSV Kirchehrenbach"]
[BlackTeam "SC Wassertrüdingen"]

1. f4 d5 2. Nf3 c5 3. d3 Nf6 4. c3 Nc6 5. Qc2 Bg4 6. Nbd2 e6 7. e4 dxe4 8. dxe4
Be7 9. h3 Bxf3 10. Nxf3 O-O 11. Bd3 g6 12. Be3 Nh5 13. O-O-O Qc7 14. e5 Ng3 15.
Rh2 Qa5 16. Kb1 b5 17. Qf2 c4 18. Bxg6 hxg6 19. Qxg3 b4 20. Bd4 Rab8 21. Rc1
Qb5 22. Nh4 Bxh4 23. Qxh4 Nxd4 24. cxd4 c3 25. Qf2 cxb2 26. Qxb2 Qd3+ 27. Ka1
Rfd8 28. g3 Rxd4 29. Rhc2 Rbd8 30. h4 Qxg3 31. h5 Qxf4 32. hxg6 fxg6 33. Qb3
Qxe5 34. Kb1 Rd1 35. Qa4 Rxc1+ 36. Rxc1 Qe4+ 37. Ka1 Qd4+ 38. Kb1 Qd3+ 39. Ka1
Qd4+ 40. Kb1 Kg7 41. Qc6 Qd6 42. Qb7+ Rd7 43. Qg2 Qd3+ 44. Ka1 Qa3 45. Rg1 Qc3+
46. Kb1 Qd3+ 47. Ka1 b3 48. axb3 Qc3+ 49. Qb2 Qxb2+ 50. Kxb2 e5 51. Rf1 Kh6 52.
Rf6 Kg5 53. Rf8 e4 54. Kc2 Kg4 55. Rf6 g5 56. Rf8 Rd5 57. Rf7 a5 58. Rf8 e3 0-1

[Event "33. Seebach-Open"]
[Site "Grossenseebach"]
[Date "2024.06.01"]
[Round "6.39"]
[White "Wachter, Michael"]
[Black "Khachatryan, Avetis"]
[Result "1-0"]
[WhiteElo "1779"]
[BlackElo "1523"]
[PlyCount "73"]
[EventDate "2024.??.??"]
[WhiteTeam "SC 1868 Bamberg"]
[BlackTeam "SGem Eckental"]

1. d4 d5 2. Bf4 Nf6 3. e3 e6 4. Nd2 Be7 5. Bd3 Nbd7 6. h3 b6 7. Ngf3 Bb7 8. Qe2
c5 9. c3 O-O 10. O-O Rc8 11. Rfe1 Re8 12. Rad1 Ne4 13. Bb1 Ndf6 14. Qd3 h6 15.
Ne5 cxd4 16. exd4 a6 17. Qe2 Bd6 18. Kh1 b5 19. a3 Qc7 20. Ndf3 Nh5 21. Bh2 f6
22. Bxe4 dxe4 23. Nd2 fxe5 24. Qxh5 exd4 25. Bxd6 Qxd6 26. Nxe4 Bxe4 27. Rxe4
Qf8 28. Rexd4 Qxf2 29. R1d2 Qf1+ 30. Kh2 Rf8 31. Qg4 Qf6 32. Rd7 Rc4 33. Qg3
Rf4 34. Ra7 e5 35. Rdd7 g5 36. Qd3 Rf1 37. Qh7# 1-0

[Event "33. Seebach-Open"]
[Site "Grossenseebach"]
[Date "2024.06.01"]
[Round "6.40"]
[White "Thurn, Stephan"]
[Black "Schwab, Philipp"]
[Result "1-0"]
[WhiteElo "1761"]
[BlackElo "1500"]
[PlyCount "61"]
[EventDate "2024.??.??"]
[WhiteTeam "TSV Kirchehrenbach"]
[BlackTeam "SC Forchheim e.V."]

1. d4 f5 2. Bg5 Nf6 3. Bxf6 exf6 4. e3 d5 5. Bd3 Bd6 6. Nc3 Be6 7. Qf3 g6 8. h4
Nd7 9. h5 Kf7 10. Nxd5 c6 11. Nf4 Qb6 12. Nxe6 Qxb2 13. Rd1 Kxe6 14. d5+ Ke7
15. dxc6 Ne5 16. Qd5 bxc6 17. Qb3 Qxb3 18. axb3 Nxd3+ 19. Rxd3 g5 20. Nf3 a5
21. Nd4 Be5 22. Nxc6+ Ke6 23. Nd4+ Bxd4 24. exd4 a4 25. Kd2 axb3 26. Rxb3 Ra2
27. Rb6+ Kd5 28. Kd3 Ra3+ 29. c3 Rc8 30. Rc1 Rc6 31. Rb5+ 1-0

[Event "33. Seebach-Open"]
[Site "Grossenseebach"]
[Date "2024.06.01"]
[Round "6.41"]
[White "Fridlin, Daniel"]
[Black "Martin Fernandez, Felix"]
[Result "0-1"]
[WhiteElo "1741"]
[BlackElo "1430"]
[PlyCount "42"]
[EventDate "2024.??.??"]
[WhiteTeam "SC Noris-Tarrasch Nürnberg 1873"]
[BlackTeam "SC Erlangen 48/88"]

1. e4 c5 2. Nf3 d6 3. d4 cxd4 4. Nxd4 Nf6 5. Nc3 Nc6 6. Bg5 e6 7. f3 Be7 8. Qd2
h6 9. Be3 e5 10. Nb3 O-O 11. O-O-O Be6 12. g4 a5 13. Na4 d5 14. Nb6 d4 15. Nxa8
Qxa8 16. Bf2 a4 17. Kb1 axb3 18. cxb3 Nb4 19. a3 Bxb3 20. axb4 Qa2+ 21. Kc1
Qa1# 0-1

[Event "33. Seebach-Open"]
[Site "Grossenseebach"]
[Date "2024.06.01"]
[Round "6.42"]
[White "Kern, Daniel"]
[Black "Ruderer, Alexander"]
[Result "0-1"]
[WhiteElo "1200"]
[BlackElo "1740"]
[PlyCount "94"]
[EventDate "2024.??.??"]
[WhiteTeam "SC Höchstadt/Aisch"]
[BlackTeam "SC Heideck-Hilpoltstein"]

1. d4 Nf6 2. c4 g6 3. Nf3 Bg7 4. Nc3 d6 5. g3 Nbd7 6. Bg2 O-O 7. O-O Re8 8. Re1
Rb8 9. e4 e5 10. dxe5 Nxe5 11. Nxe5 dxe5 12. Qxd8 Rxd8 13. Bg5 Bg4 14. b3 c6
15. h3 Be6 16. Rad1 h6 17. Be3 b6 18. Rxd8+ Rxd8 19. Rd1 Rxd1+ 20. Nxd1 Bf8 21.
Nb2 Nd7 22. Nd3 f6 23. f4 h5 24. fxe5 Nxe5 25. Nxe5 fxe5 26. h4 Bg4 27. Bf1 Kf7
28. Kf2 Bb4 29. Be2 Be6 30. Bf3 Ke7 31. Ke2 Kd6 32. Kd3 Be1 33. Bg5 Bxg3 34.
Be2 Bf4 35. Kc3 Bxg5 36. hxg5 Bg4 37. Bf1 Bf3 38. Kd3 Kc5 39. a3 a5 40. Bh3 Bg4
41. Bg2 h4 42. Kc3 h3 43. Bh1 Be2 44. b4+ axb4+ 45. axb4+ Kd6 46. Kb3 Bf1 47.
Kc3 Bg2 0-1

[Event "33. Seebach-Open"]
[Site "Grossenseebach"]
[Date "2024.06.01"]
[Round "6.43"]
[White "Barsov, Vladislav"]
[Black "Held, Philip"]
[Result "1-0"]
[WhiteElo "1733"]
[BlackElo "1317"]
[PlyCount "43"]
[EventDate "2024.??.??"]
[WhiteTeam "SK Gräfelfing"]
[BlackTeam "SC JÄKLECHEMIE Talente Franken e"]

1. c4 e5 2. g3 c6 3. d4 e4 4. Nc3 d5 5. Bg2 Nf6 6. e3 Bb4 7. Nge2 O-O 8. O-O
Be6 9. Bd2 Nbd7 10. cxd5 cxd5 11. Nxe4 Qb6 12. Nxf6+ Nxf6 13. Nf4 Bg4 14. f3
Bd7 15. a3 Bd6 16. Bc3 Bxf4 17. gxf4 Rae8 18. Re1 Bf5 19. Bb4 Nd7 20. Kh1 Re6
21. Bxf8 Nxf8 22. e4 1-0

[Event "33. Seebach-Open"]
[Site "Grossenseebach"]
[Date "2024.06.01"]
[Round "6.45"]
[White "Ospina Ocampo, Camilo"]
[Black "Ratushna, Olha"]
[Result "1/2-1/2"]
[WhiteElo "1837"]
[BlackElo "1445"]
[PlyCount "64"]
[EventDate "2024.??.??"]
[WhiteTeam "SK Durlach"]
[BlackTeam "SC Schwarz-Weiß Nürnberg Süd e.V"]

1. Nf3 Nc6 2. g3 e5 3. d3 Nf6 4. Bg2 Bc5 5. O-O O-O 6. e3 d5 7. d4 exd4 8. exd4
Bb6 9. h3 Re8 10. b3 Bf5 11. a3 Qd7 12. Kh2 Re7 13. Bb2 Rae8 14. Nbd2 Ne4 15.
Nxe4 Bxe4 16. Ne5 Nxe5 17. Bxe4 dxe4 18. dxe5 Qxd1 19. Raxd1 e3 20. fxe3 Bxe3
21. Rd3 Bb6 22. Rfd1 h6 23. Rd8 Rxd8 24. Rxd8+ Kh7 25. Kg2 c6 26. Rd2 Kg6 27.
Kf3 Bc7 28. a4 Bxe5 29. Bxe5 Rxe5 30. Rd7 Rf5+ 31. Ke3 Re5+ 32. Kf4 Re2 1/2-1/2

[Event "33. Seebach-Open"]
[Site "Grossenseebach"]
[Date "2024.06.01"]
[Round "6.46"]
[White "Schuessler, Simon"]
[Black "Schaefer, Ann-Kathrin"]
[Result "0-1"]
[WhiteElo "1374"]
[BlackElo "1744"]
[PlyCount "52"]
[EventDate "2024.??.??"]
[WhiteTeam "FSV Großenseebach"]
[BlackTeam "SC JÄKLECHEMIE Talente Franken e"]

1. e4 c5 2. Nf3 d6 3. d4 cxd4 4. Nxd4 Nf6 5. Nc3 g6 6. h4 h5 7. Bg5 Bg7 8. Qd2
O-O 9. O-O-O Nc6 10. f3 d5 11. Nxc6 bxc6 12. exd5 cxd5 13. Nxd5 Nxd5 14. Qxd5
Qc7 15. Qxa8 Bf5 16. Qxf8+ Kxf8 17. Bd3 Qb6 18. c3 Be6 19. Bb1 a5 20. Rhe1 a4
21. Be3 Qa5 22. Bc5 Bxc3 23. Re2 Bf6 24. Bf2 a3 25. b3 Qc7+ 26. Bc2 Bxb3 0-1

[Event "33. Seebach-Open"]
[Site "Grossenseebach"]
[Date "2024.06.01"]
[Round "6.47"]
[White "Cufi, Astrit"]
[Black "Ratushnyi, Artur"]
[Result "0-1"]
[WhiteElo "1676"]
[BlackElo "1446"]
[PlyCount "64"]
[EventDate "2024.??.??"]
[WhiteTeam "BSG Wöhrlhaus Erlangen"]
[BlackTeam "SC Schwarz-Weiß Nürnberg Süd e.V"]

1. e4 e5 2. Nf3 Nc6 3. d4 exd4 4. Nxd4 Bc5 5. Be3 Bb6 6. c3 Nge7 7. Na3 d5 8.
Qa4 Bd7 9. Bb5 Nxd4 10. Bxd4 c6 11. Bxg7 cxb5 12. Nxb5 Bxf2+ 13. Kxf2 Qb6+ 14.
Bd4 Qxb5 15. Bxh8 Qxb2+ 16. Kf3 dxe4+ 17. Kf4 Qxg2 18. Qxe4 Qf2+ 19. Kg5 h6+
20. Kxh6 Bf5 21. Raf1 Qxf1 22. Qxe7+ Kxe7 23. Rxf1 Rxh8+ 24. Kg5 Be6 25. h4
Rg8+ 26. Kh6 f6 27. Kh7 Rg4 28. h5 f5 29. h6 f4 30. Kh8 Kf7 31. h7 Bd5 32.
Rxf4+ Rxf4 0-1

[Event "33. Seebach-Open"]
[Site "Grossenseebach"]
[Date "2024.06.01"]
[Round "6.48"]
[White "Denhardt, Daniel"]
[Black "Bauschke, Norman"]
[Result "0-1"]
[WhiteElo "1315"]
[BlackElo "1636"]
[PlyCount "40"]
[EventDate "2024.??.??"]
[WhiteTeam "FSV Großenseebach"]
[BlackTeam "SC Höchstadt/Aisch"]

1. e4 c5 2. c3 e6 3. d4 cxd4 4. cxd4 Bb4+ 5. Nc3 Ne7 6. a3 Ba5 7. b4 Bc7 8. Nf3
a6 9. Bd3 O-O 10. O-O d5 11. e5 Nbc6 12. Bg5 h6 13. Bxh6 gxh6 14. Qd2 Kg7 15.
Qf4 Ng6 16. Qg4 f5 17. exf6+ Qxf6 18. h4 Kf7 19. Rfe1 Nf4 20. Bc2 Rg8 0-1

[Event "33. Seebach-Open"]
[Site "Grossenseebach"]
[Date "2024.06.01"]
[Round "6.49"]
[White "Kuhlemann, Claus"]
[Black "Rebhann, Leo"]
[Result "1-0"]
[WhiteElo "1632"]
[BlackElo "1441"]
[PlyCount "69"]
[EventDate "2024.??.??"]
[WhiteTeam "SV Memmelsdorf"]
[BlackTeam "BSG Wöhrlhaus Erlangen"]

1. f4 Nf6 2. Nf3 d5 3. e3 a6 4. b3 e6 5. Bb2 Be7 6. Be2 Nbd7 7. O-O O-O 8. h3
c5 9. d3 b6 10. Nbd2 Bb7 11. Qe1 b5 12. g4 Ne8 13. g5 g6 14. Qg3 f6 15. h4 Ng7
16. Nh2 Nf5 17. Qh3 Ng7 18. Rf2 Bc6 19. Ndf3 a5 20. Ng4 Nf5 21. Rg2 Ng7 22. Kf2
a4 23. Bc3 b4 24. Bd2 axb3 25. cxb3 f5 26. Nge5 Nxe5 27. Nxe5 Bb7 28. h5 d4 29.
Rh2 dxe3+ 30. Bxe3 gxh5 31. Bxh5 Bd6 32. Bg6 h5 33. gxh6 Bxe5 34. hxg7 Bxg7 35.
Qh7# 1-0

[Event "33. Seebach-Open"]
[Site "Grossenseebach"]
[Date "2024.06.01"]
[Round "6.50"]
[White "Hoffmann, Edgar"]
[Black "Zagrada, Halil"]
[Result "0-1"]
[WhiteElo "1277"]
[BlackElo "1632"]
[PlyCount "80"]
[EventDate "2024.??.??"]
[WhiteTeam "SC Forchheim e.V."]
[BlackTeam "BSG Wöhrlhaus Erlangen"]

1. d4 d5 2. c4 c6 3. Nc3 e6 4. Nf3 f5 5. Bf4 Nf6 6. a3 Nbd7 7. e3 Ne4 8. Nxe4
fxe4 9. Ne5 Nf6 10. h3 Be7 11. g4 Nd7 12. cxd5 exd5 13. Nxd7 Bxd7 14. Be5 O-O
15. Bg2 Qa5+ 16. b4 Qb5 17. Bf1 Qb6 18. Bg2 a5 19. O-O axb4 20. Qb3 Ra6 21. a4
Rfa8 22. f3 exf3 23. Bxf3 Be6 24. e4 Qd8 25. exd5 cxd5 26. Be2 Rc6 27. Bb5 Rc3
28. Qd1 Rxh3 29. Rf3 Rh4 30. Rg3 Bd6 31. Be2 Bxe5 32. dxe5 Qb6+ 33. Kg2 Rc8 34.
Rb1 d4 35. Rd3 Bd5+ 36. Bf3 Rxg4+ 37. Kh3 Bxf3 38. Qxf3 Rg5 39. Qd5+ Kh8 40.
Qd7 Qh6# 0-1

[Event "33. Seebach-Open"]
[Site "Grossenseebach"]
[Date "2024.06.01"]
[Round "6.51"]
[White "Averkova, Mariia"]
[Black "Scheitler, Wolfgang"]
[Result "1-0"]
[WhiteElo "1615"]
[BlackElo "1424"]
[PlyCount "31"]
[EventDate "2024.??.??"]
[WhiteTeam "SC 1868 Bamberg"]
[BlackTeam "SC Schwarz-Weiß Nürnberg Süd e.V"]

1. d4 Nf6 2. Nf3 e6 3. a3 d5 4. e3 Be7 5. b3 O-O 6. Bb2 b6 7. c4 dxc4 8. Bxc4
Bb7 9. O-O Nbd7 10. Nbd2 c5 11. Rc1 cxd4 12. Nxd4 Rc8 13. Qe2 Ne4 14. Rfd1 Nxd2
15. Rxd2 Qe8 16. Nxe6 1-0

[Event "33. Seebach-Open"]
[Site "Grossenseebach"]
[Date "2024.06.01"]
[Round "6.52"]
[White "Averin, Alex"]
[Black "Kreiner, Daniel"]
[Result "1/2-1/2"]
[WhiteElo "1288"]
[BlackElo "1615"]
[PlyCount "99"]
[EventDate "2024.??.??"]
[WhiteTeam "SC Schwarz-Weiß Nürnberg Süd e.V"]
[BlackTeam "FSV Großenseebach"]

1. e4 c5 2. Nf3 Nc6 3. Bb5 Nf6 4. Bxc6 dxc6 5. e5 Nd5 6. O-O Bg4 7. b3 e6 8.
Bb2 Nf4 9. Nc3 Bxf3 10. Qxf3 Qxd2 11. Rac1 Nd5 12. Ne4 Qh6 13. Rcd1 Be7 14.
Nd6+ Bxd6 15. exd6 Rd8 16. Qg3 O-O 17. c4 Nb4 18. d7 Na6 19. Be5 Qg6 20. Bd6
Qxg3 21. hxg3 Rxd7 22. Bxf8 Rxd1 23. Rxd1 Kxf8 24. Rd7 Nb4 25. a3 Nc2 26. Rxb7
Nxa3 27. Rxa7 Nc2 28. Ra8+ Ke7 29. Rh8 h6 30. Kf1 Nd4 31. Rc8 Nxb3 32. Rxc6
Nd2+ 33. Ke2 Nxc4 34. Rxc5 Nd6 35. Ra5 Kf6 36. Kf3 g5 37. Kg4 Kg6 38. f4 Ne4
39. Ra6 f5+ 40. Kf3 g4+ 41. Ke3 Kf6 42. Kd4 Nxg3 43. Kc5 Ne2 44. Ra4 Nc3 45.
Rc4 Nd5 46. g3 Ke7 47. Kb5 Ne3 48. Rc7+ Kf6 49. Kc5 Nf1 50. Rh7 1/2-1/2

[Event "33. Seebach-Open"]
[Site "Grossenseebach"]
[Date "2024.06.01"]
[Round "6.53"]
[White "Schuetz, Robert"]
[Black "Franke, Martin"]
[Result "1-0"]
[WhiteElo "1592"]
[BlackElo "1297"]
[PlyCount "55"]
[EventDate "2024.??.??"]
[WhiteTeam "TSV Kirchehrenbach"]
[BlackTeam "FSV Großenseebach"]

1. e4 c5 2. Nf3 d6 3. d4 cxd4 4. Nxd4 Nf6 5. Nc3 Nc6 6. Bc4 e6 7. Be3 Be7 8.
Qe2 Qc7 9. O-O-O Na5 10. Bb5+ Bd7 11. g4 a6 12. Bxd7+ Nxd7 13. Nb3 Nxb3+ 14.
axb3 Bf6 15. Qd3 Bxc3 16. bxc3 Ke7 17. f4 e5 18. f5 f6 19. Kb2 Rhb8 20. Qd5 Nf8
21. h4 b5 22. g5 b4 23. c4 a5 24. gxf6+ gxf6 25. Rhg1 Ke8 26. Rg8 Qf7 27. Qc6+
Qd7 28. Rxf8+ 1-0

[Event "33. Seebach-Open"]
[Site "Grossenseebach"]
[Date "2024.06.01"]
[Round "6.54"]
[White "Zyadah, Mahmoud"]
[Black "Walter, Gabriele"]
[Result "1-0"]
[WhiteElo "1581"]
[BlackElo "1384"]
[PlyCount "109"]
[EventDate "2024.??.??"]
[WhiteTeam "SF Riedlingen"]
[BlackTeam "SV Lauf a.d.P."]

1. e4 c5 2. Nf3 Nc6 3. c3 g6 4. a3 Bg7 5. Bc4 e6 6. d3 Nf6 7. Bg5 Qc7 8. Qd2
O-O 9. Bh6 b6 10. Bxg7 Kxg7 11. O-O d5 12. exd5 exd5 13. Ba2 d4 14. cxd4 Nxd4
15. Nxd4 cxd4 16. f3 Bb7 17. Qf2 Rfd8 18. Bc4 Rac8 19. Nd2 a6 20. Ne4 Bxe4 21.
fxe4 Nxe4 22. Qxf7+ Qxf7 23. Rxf7+ Kh6 24. Bxa6 Nd6 25. Bxc8 Nxf7 26. Rc1 Re8
27. Kf2 Nd6 28. Bg4 Nf7 29. Rc4 Rd8 30. Bf3 Ne5 31. Rc2 Nxd3+ 32. Ke2 Nf4+ 33.
Kd2 Rd6 34. Rc6 Rxc6 35. Bxc6 Kg5 36. g3 Ne6 37. Kd3 Kf6 38. Bd5 Ke5 39. Bxe6
Kxe6 40. Kxd4 Kd6 41. a4 Kc6 42. b3 Kd6 43. b4 h6 44. a5 Kc6 45. axb6 Kxb6 46.
Ke5 Kb5 47. Kf6 g5 48. g4 Kxb4 49. Kg6 Kc5 50. Kxh6 Kd6 51. Kxg5 Ke7 52. Kh6
Kf7 53. Kh7 Kf6 54. h4 Kf7 55. g5 1-0

[Event "33. Seebach-Open"]
[Site "Grossenseebach"]
[Date "2024.06.01"]
[Round "6.55"]
[White "Bauenschmidt, Lars"]
[Black "Nesmjanowitsch, Julia"]
[Result "0-1"]
[WhiteElo "1256"]
[BlackElo "1580"]
[PlyCount "40"]
[EventDate "2024.??.??"]
[WhiteTeam "FSV Großenseebach"]
[BlackTeam "SC JÄKLECHEMIE Talente Franken e"]

1. e4 e5 2. Nf3 Nc6 3. Bc4 Nf6 4. Ng5 d5 5. exd5 Na5 6. d3 Nxc4 7. dxc4 Bc5 8.
Nf3 Qd6 9. Be3 Bxe3 10. fxe3 Bg4 11. h3 Bxf3 12. Qxf3 Qb4+ 13. Nd2 Qxb2 14. O-O
Qxc2 15. Qf2 O-O 16. Rfc1 Qg6 17. Rab1 b6 18. Nf3 Ne4 19. Nxe5 Nxf2 20. Nxg6
fxg6 0-1

[Event "33. Seebach-Open"]
[Site "Grossenseebach"]
[Date "2024.06.01"]
[Round "6.60"]
[White "Zaiser, Dion"]
[Black "Heimann, Jonas"]
[Result "1/2-1/2"]
[WhiteElo "1307"]
[BlackElo "1598"]
[PlyCount "65"]
[EventDate "2024.??.??"]
[WhiteTeam "SG Büchenbach/Roth e.V."]
[BlackTeam "SC Forchheim e.V."]

1. e4 e5 2. Nf3 Nc6 3. d4 exd4 4. Bc4 Bb4+ 5. Bd2 Bxd2+ 6. Qxd2 Nge7 7. Nxd4
O-O 8. O-O d6 9. h3 a6 10. Nc3 Na5 11. Bb3 Nxb3 12. cxb3 b5 13. Rac1 Bb7 14.
Qd3 Ng6 15. Nce2 c5 16. Nf5 Qf6 17. Qxd6 Qxb2 18. Neg3 Qxa2 19. Rxc5 Qxb3 20.
Rc7 Bc8 21. Qc6 Be6 22. Nd4 Qc4 23. Nxe6 Qxe6 24. Ra1 Qxc6 25. Rxc6 a5 26. Rc5
Rfb8 27. Ne2 Kf8 28. Nd4 a4 29. Rxb5 Rxb5 30. Nxb5 Ne5 31. Nc3 a3 32. Kf1 Ke7
33. Ke2 1/2-1/2

[Event "33. Seebach-Open"]
[Site "Grossenseebach"]
[Date "2024.06.01"]
[Round "6.61"]
[White "Gebhardt, Andreas"]
[Black "Barnowski, Roman"]
[Result "1-0"]
[WhiteElo "1253"]
[BlackElo "1566"]
[PlyCount "55"]
[EventDate "2024.??.??"]
[WhiteTeam "TSV Kirchehrenbach"]
[BlackTeam "SC Schwarz-Weiß Nürnberg Süd e.V"]

1. e4 c6 2. d4 d5 3. exd5 cxd5 4. Bd3 Nc6 5. Ne2 Bg4 6. f3 Bh5 7. Bg5 f6 8. Be3
e5 9. c4 Bb4+ 10. Nbc3 Nge7 11. a3 Bxc3+ 12. bxc3 Bf7 13. cxd5 Nxd5 14. Bd2 O-O
15. Qb1 Rb8 16. Bxh7+ Kh8 17. Be4 exd4 18. Nxd4 Nxd4 19. cxd4 Nb6 20. Bf4 Qxd4
21. Qd1 Qc3+ 22. Bd2 Qe5 23. O-O Rfd8 24. Qe1 Bc4 25. Qh4+ Kg8 26. Qh7+ Kf7 27.
Bg6+ Ke6 28. Rfe1 1-0

[Event "33. Seebach-Open"]
[Site "Grossenseebach"]
[Date "2024.06.01"]
[Round "6.62"]
[White "Kohler, Alfred"]
[Black "Stroessner, Pascal"]
[Result "0-1"]
[WhiteElo "1537"]
[BlackElo "1262"]
[PlyCount "34"]
[EventDate "2024.??.??"]
[WhiteTeam "SK 1911 Herzogenaurach e.V."]
[BlackTeam "FSV Großenseebach"]

1. d4 g6 2. e3 Bg7 3. Nf3 d6 4. g3 Nc6 5. Bg2 Bf5 6. c3 e5 7. Qb3 b6 8. Ng5 Nh6
9. Bxc6+ Bd7 10. Bxd7+ Qxd7 11. Qd5 O-O 12. dxe5 Bxe5 13. Nf3 Qg4 14. Nxe5 dxe5
15. h3 Qh5 16. e4 Rad8 17. g4 Nxg4 0-1

[Event "33. Seebach-Open"]
[Site "Grossenseebach"]
[Date "2024.06.01"]
[Round "6.63"]
[White "Yanpala, Oguz Faruk"]
[Black "Hafes, Hassan"]
[Result "1-0"]
[WhiteElo "1227"]
[BlackElo "1485"]
[PlyCount "99"]
[EventDate "2024.??.??"]
[WhiteTeam "SC JÄKLECHEMIE Talente Franken e"]
[BlackTeam "SF Riedlingen"]

1. d4 c6 2. Bf4 Nf6 3. c4 d5 4. e3 g6 5. Nc3 Bg7 6. Nf3 Bg4 7. h3 Bf5 8. Be2
O-O 9. O-O Nbd7 10. cxd5 cxd5 11. Qb3 Nb6 12. Rac1 Bd7 13. Ne5 e6 14. Rfd1 Rc8
15. Bf3 h6 16. a3 g5 17. Bg3 h5 18. Qa2 g4 19. hxg4 hxg4 20. Nxg4 Nxg4 21. Bxg4
Bf6 22. Qb1 Bh4 23. Bf4 Kg7 24. Qd3 Bxf2+ 25. Kxf2 Qh4+ 26. Kf3 f5 27. Bh3 Rg8
28. Qd2 Be8 29. Bg3 Qg5 30. Kf2 Kf6 31. Be5+ Ke7 32. Kg1 Nc4 33. Qf2 Qh6 34.
Bg3 Bh5 35. Re1 Nd6 36. Qf4 Qxf4 37. Bxf4 Nc4 38. g3 Nxb2 39. Rb1 Nd3 40. Rxb7+
Ke8 41. Nb5 Nxe1 42. Nd6+ Kd8 43. Nxc8 Nd3 44. Nxa7 Rg6 45. Nc6+ Ke8 46. Rb8+
Kf7 47. Ne5+ Nxe5 48. Bxe5 Bf3 49. a4 Rh6 50. Rh8 1-0

[Event "33. Seebach-Open"]
[Site "Grossenseebach"]
[Date "2024.06.01"]
[Round "6.64"]
[White "Kalnik, Isabell"]
[Black "Ramayanam, Nithya"]
[Result "1-0"]
[WhiteElo "1479"]
[BlackElo "1185"]
[PlyCount "117"]
[EventDate "2024.??.??"]
[WhiteTeam "FSV Großenseebach"]
[BlackTeam "SC Erlangen 48/88"]

1. e4 e5 2. Bc4 Nf6 3. Nc3 Nxe4 4. Nxe4 d5 5. Bb5+ c6 6. Bxc6+ Nxc6 7. Nc3 d4
8. Ne4 Bf5 9. d3 Bxe4 10. dxe4 Bc5 11. Nf3 O-O 12. O-O h6 13. Qd3 Bd6 14. c3
Re8 15. cxd4 exd4 16. a3 Qe7 17. Re1 f5 18. Nxd4 Nxd4 19. Qxd4 Rad8 20. Qd5+
Kh8 21. Qxf5 Rf8 22. Qg4 Qf6 23. Be3 b6 24. b4 Be5 25. Rac1 Bb2 26. Rc7 Bxa3
27. f4 Bxb4 28. e5 h5 29. exf6 hxg4 30. fxg7+ Kg8 31. gxf8=Q+ Rxf8 32. Rd1 a5
33. Rdd7 Ra8 34. Bxb6 a4 35. Ra7 Rxa7 36. Rxa7 a3 37. Bd4 Kf8 38. Kf2 Ke8 39.
Be3 Kd8 40. Ra4 Be7 41. Bc1 Bc5+ 42. Kg3 Kc7 43. Bxa3 Bxa3 44. Rxa3 Kb6 45. Rc3
Kb5 46. Kxg4 Kb4 47. Rc8 Kb5 48. Kf5 Kb6 49. Ke5 Kb7 50. Rc1 Kb6 51. Kd5 Ka5
52. Rb1 Ka4 53. Kc5 Ka3 54. Rb8 Ka2 55. Kc4 Ka1 56. Kc3 Ka2 57. Rb7 Ka1 58. Kc2
Ka2 59. Ra7# 1-0

[Event "33. Seebach-Open"]
[Site "Grossenseebach"]
[Date "2024.06.01"]
[Round "6.65"]
[White "Hummel, Heike"]
[Black "Timurlenk, Emre"]
[Result "0-1"]
[WhiteElo "1170"]
[BlackElo "1313"]
[PlyCount "102"]
[EventDate "2024.??.??"]
[WhiteTeam "SK Rothenburg e.V."]
[BlackTeam "SV Bubenreuth e.V."]

1. e4 c6 2. d4 d5 3. e5 Bf5 4. Nf3 e6 5. c3 c5 6. Bb5+ Nc6 7. O-O Qb6 8. a4
Nge7 9. Nbd2 Ng6 10. Re1 Be7 11. Nf1 O-O 12. Ng3 Bg4 13. h3 Bxf3 14. Qxf3 cxd4
15. Bxc6 bxc6 16. a5 Qc7 17. cxd4 Rab8 18. a6 c5 19. Ra4 cxd4 20. Rxd4 Nxe5 21.
Rxe5 Qxe5 22. Ne2 Rfc8 23. Bf4 Qf6 24. Bxb8 Qxf3 25. gxf3 Rxb8 26. Rd2 Rb6 27.
Rc2 Rxa6 28. Rc8+ Bf8 29. b4 Rb6 30. Rc7 a6 31. Rc8 Rxb4 32. Ra8 Rb1+ 33. Kg2
Ra1 34. Nd4 g6 35. Nc6 Kg7 36. Ne5 Bd6 37. Nd3 a5 38. Ra6 Be7 39. Ra7 Kf6 40.
Ra6 a4 41. Ra5 a3 42. Ra4 Kg7 43. Nb4 Bxb4 44. Rxb4 a2 45. Ra4 d4 46. f4 d3 47.
f3 d2 48. Rxa2 Rxa2 49. Kg3 d1=Q 50. Kg4 Rg2+ 51. Kh4 Qe1# 0-1

[Event "33. Seebach-Open"]
[Site "Grossenseebach"]
[Date "2024.06.01"]
[Round "6.67"]
[White "Jain, Vihaan"]
[Black "Savchuk, Andrej"]
[Result "0-1"]
[WhiteElo "981"]
[BlackElo "1274"]
[PlyCount "50"]
[EventDate "2024.??.??"]
[WhiteTeam "SK 1911 Herzogenaurach e.V."]
[BlackTeam "SC Uttenreuth e.V."]

1. d4 Nf6 2. c4 e5 3. dxe5 Ne4 4. Bf4 Bb4+ 5. Bd2 Nxd2 6. Nxd2 O-O 7. Qc2 Nc6
8. Ngf3 Re8 9. O-O-O Nxe5 10. Nxe5 Rxe5 11. Nf3 Re8 12. a3 Bf8 13. e3 c6 14. c5
b5 15. b4 a5 16. Ne5 Rxe5 17. Qb2 Re8 18. g3 axb4 19. axb4 g6 20. Bg2 Bg7 21.
Qc2 Bb7 22. h4 Ra4 23. Qb3 Qf6 24. Rd4 Qxf2 25. Rf1 Ra1+ 0-1

[Event "33. Seebach-Open"]
[Site "Grossenseebach"]
[Date "2024.06.01"]
[Round "6.68"]
[White "Mao, Leo"]
[Black "Mao, Luca"]
[Result "1-0"]
[WhiteElo "1174"]
[BlackElo "798"]
[PlyCount "122"]
[EventDate "2024.??.??"]
[WhiteTeam "SC Erlangen 48/88"]
[BlackTeam "SC Erlangen 48/88"]

1. e4 e5 2. Nf3 Nc6 3. Bc4 Nf6 4. Ng5 d5 5. exd5 Nxd5 6. d3 Be6 7. Nxe6 fxe6 8.
Bb5 Bc5 9. Qh5+ g6 10. Qxe5 Qf6 11. Qxf6 Nxf6 12. b3 O-O 13. Bxc6 bxc6 14. h3
Nd5 15. O-O Bd4 16. c3 Nxc3 17. Nxc3 Bxc3 18. Rb1 Rad8 19. Rd1 e5 20. Be3 Bd4
21. Bxd4 Rxd4 22. Rbc1 e4 23. dxe4 Rxe4 24. Rxc6 Re7 25. Rdc1 Rff7 26. a4 Kf8
27. Ra6 Ke8 28. Rxa7 Kd8 29. Ra8+ Kd7 30. Rd1+ Kc6 31. Rad8 Kc5 32. Rb1 Rf6 33.
Rd2 Rd6 34. Rxd6 cxd6 35. Kf1 d5 36. Re1 Rd7 37. Re3 d4 38. Rd3 Kb4 39. Ke2 Ka3
40. Kd2 Rf7 41. Rf3 Rd7 42. Rd3 Rf7 43. Ke2 Re7+ 44. Kf3 Rf7+ 45. Kg3 Rd7 46.
a5 Kb2 47. a6 Kc2 48. a7 Rd8 49. Rxd4 Ra8 50. Rd7 Kxb3 51. Rxh7 Kc3 52. Kg4 Kd3
53. Rf7 Ke2 54. Kg5 Kf1 55. Kxg6 Kxg2 56. h4 Rg8+ 57. Rg7 Rh8 58. h5 Kxf2 59.
h6 Kg3 60. h7 Re8 61. Rg8 Re6+ 1-0

[Event "33. Seebach-Open"]
[Site "Grossenseebach"]
[Date "2024.06.01"]
[Round "6.71"]
[White "Kreiner, Tobias"]
[Black "Homfeldt, Maren"]
[Result "1-0"]
[WhiteElo "1416"]
[BlackElo "871"]
[PlyCount "41"]
[EventDate "2024.??.??"]
[WhiteTeam "FSV Großenseebach"]
[BlackTeam "SC Noris-Tarrasch Nürnberg 1873"]

1. e4 d6 2. d4 Nd7 3. Nf3 b6 4. c4 Ba6 5. Nc3 Qb8 6. Be2 Qb7 7. O-O Rd8 8. b4
Qa8 9. Qa4 Bb7 10. e5 Bc6 11. Nb5 Bxb5 12. Qxb5 c6 13. Qa4 a5 14. bxa5 Qxa5 15.
Qxc6 dxe5 16. Bd2 Qa6 17. Nxe5 f6 18. Bh5+ g6 19. Nxg6 Kf7 20. Nf4+ Kg7 21.
Ne6# 1-0

[Event "33. Seebach-Open"]
[Site "Grossenseebach"]
[Date "2024.06.02"]
[Round "7.1"]
[White "Kochiev, Ivan"]
[Black "Piotraschke, Jens"]
[Result "1-0"]
[WhiteElo "2134"]
[BlackElo "2064"]
[PlyCount "47"]
[EventDate "2024.??.??"]
[WhiteTeam "SC Noris-Tarrasch Nürnberg 1873"]
[BlackTeam "TuS Coswig 1920"]

1. e4 c6 2. d4 d5 3. Nc3 dxe4 4. Nxe4 Bf5 5. Ng3 Bg6 6. h4 h6 7. Nf3 Nd7 8. h5
Bh7 9. Bd3 Bxd3 10. Qxd3 Qc7 11. Bd2 e6 12. O-O-O Ngf6 13. Kb1 O-O-O 14. Ne4
Nc5 15. Nxc5 Bxc5 16. c4 Bxd4 17. Nxd4 Qb6 18. c5 Qxc5 19. Be3 Qd5 20. Qa3 a6
21. Nxc6 Qe4+ 22. Ka1 Rxd1+ 23. Rxd1 Nd5 24. Ne7+ 1-0